00540pab a2200157 454500008004000000100001900040245009500059260000900154300001100163362001100174650003700185773003400222909000900256999001500265952010200280180718b1985 xxu||||| |||| 00| 0 eng d aChoe, Yang Boo aVillage receiving system and group farming practicebCase studies in the Republic of Kores c1985 a104-36 aSpring aAgriculture, Cooperative - Korea aRegional Development Dialoguq a3831 c3831d3831 00104070aIIPAbIIPAd2018-07-19hVolume no: 6, Issue no: 1pAR3832r2018-07-19w2018-07-19yAR